000 00532nam a2200145 a 4500
008 120416s1977 ||||||||||||||||| || u
050 _aHF 5415.2 Bla
100 _aBlackwell, Roger D
245 1 0 _aContemporary cases in consumer behaviour
260 _aHinsdale, Ill.
_bDryden
_c1977
300 _axviii, 407p. : ill.
350 _a0.00
700 _aTalarzyk, W. Wayne
995 _D0.00
_FCBU-MAIN LIBRARY (Kitwe)
_H1
_I0.00
_UDAMAGED
_WJun 3, 2009
_ZMain Library Open Access Collection
999 _c38627
_d38627